000 01348nam a2200313 a 4500
001 000004138
003 DO-SdBNP
005 20250714085627.0
007 ta
008 090714t2006 dr a 000 0bspa d
020 _a9993476544
040 _aDO-SdBNP
_bspa
_cBNPHU
082 4 _a923.27293
_bS211Ca, 2006
_222
100 1 _aCassá, Roberto,
_d1948-
_910888
245 1 0 _aFrancisco del Rosario Sánchez :
_bfundador de la República /
_cRoberto Cassá ; Ilustraciones Ramiro Manzano.
250 _a3a. ed.
260 _aSanto Domingo :
_bTobogán,
_c2006.
300 _a63 p. :
_bil. ;
_c21 cm.
490 0 _aBiografías dominicanas Tobogán
504 _aBibliografía : p. 63
505 _aSu dimesión en la historia dominicana--
_tOrígenes familiares--
_tInfancia y juventud--
_tPreparacion de la independencia--
_tEl manifiesto del 16 de enero--
_tEl 27 de febrero--
_tLos primeros meses de la República--
_tExilio y retorno--
_tCon Báez--
_tContra la anexión--
_tExpedición e inmolación--
_tBiografía.
590 _aInventariado, 2018/ YL
600 1 0 _aSanchez, Francisco Rosario del,
_d1817-1861
_97226
651 4 _aRepúblia Dominicana
_xHistoria
_y1844-1864
_911651
651 4 _aRepública Dominicana
_vBiografía
_91083
700 1 _aManzano, Ramiro,
_eil.
_9768
910 _aValidado. Control de calidad. EMS
942 _2ddc
_cLBS1
999 _c3954
_d3954